000 00248nam a22001097a 4500
082 _a604.2 PAR
100 _aPARKINSON, A.C
_940152
245 _aA FIRST YEAR ENGINEERING DRAWING
260 _aKARACHI
_bPITMAN
_c1966
300 _a185P
942 _cBK
999 _c569704
_d569704